| 000 | 01844nac a22002891u 4500 | ||
|---|---|---|---|
| 008 | 180113b xxu||||| |||| 00| 0 eng d | ||
| 010 | _a 2006000005 | ||
| 020 | _a9780072980608 (hard copy : acid-free paper) | ||
| 020 | _a0072980605 (hard copy : acid-free paper) | ||
| 020 | _a0071105956 | ||
| 082 | 0 | 0 |
_a540 _bC45625 |
| 100 |
_aChang, Raymond. _931039 |
||
| 245 | 1 | 0 | _aChemistry. |
| 250 |
_a9th ed. / _bRaymond Chang [and] Brandon Cruickshank. |
||
| 260 |
_aDubuque, IA : _bMcGraw-Hill Companies, _cc2007. |
||
| 300 | _ap. cm. | ||
| 500 | _aIncludes index. | ||
| 505 | 0 | _aChemistry: the study of change -- Atoms, molecules, and ions -- Mass relationships in chemical reactions -- Reactions in aqueous solution -- Gases -- Thermochemistry -- Quantum theory and the electronic structure of atoms -- Periodic relationship among the elements -- Chemical bonding I: basic concepts -- Chemical bonding II: molecular geometry and hybridization of atomic -- Orbitals -- Intermolecular forces and liquids and solids -- Physical properties of solutions -- Chemical kinetics -- Chemical equilibrium -- Acids and bases -- Acid-base equilibria and solubility equilibria -- Chemistry in the atmosphere -- Entropy, free energy, and equilibrimn -- Electrochemistry -- Metallurgy and the chemistry of metals -- Nonmetallic elements and their compounds -- Transition metal chemistry and coordination compounds -- Nuclear chemistry -- Organic chemistry -- Synthetic and natural organic polymers. | |
| 650 | 0 |
_aChemistry. _2BUEsh |
|
| 651 | _2BUEsh | ||
| 700 | 1 | _aCruickshank, Brandon. | |
| 856 | 4 | 1 |
_3Table of contents _uhttp://www.loc.gov/catdir/toc/ecip066/2006000005.html |
| 942 |
_cBB _k540C45625 _2ddc _hRDA-MOD |
||
| 999 |
_c464 _d464 |
||
| 336 |
_2rdacontent _atext _btxt |
||
| 337 |
_aunmediated _2rdamedia _bn |
||
| 338 |
_avolume _bnc _2rdacarrier |
||